[Event "IV Open Inverno"]
[Site "Ceriano Laghetto ITA"]
[Date "2012.02.??"]
[Round "1"]
[White "Megassini, Stefano"]
[Black "Frigerio, Roberto"]
[Result "1-0"]
[WhiteElo "1763"]
[BlackElo "1596"]
[PlyCount "71"]
[EventDate "2012.02.14"]

1. d4 e6 2. Nf3 Nc6 3. e3 Nf6 4. Bd3 d5 5. O-O a6 6. Re1 Bd6 7. Nbd2 e5 8. dxe5
Nxe5 9. Nxe5 Bxe5 10. Nf3 Qd6 11. Nxe5 Qxe5 12. h3 g5 13. c4 g4 14. f4 Qh5 15.
b3 Bd7 16. Bb2 Qh4 17. Bxf6 Qxf6 18. hxg4 dxc4 19. Bxc4 h6 20. Qd4 Qxd4 21.
exd4+ Kf8 22. f5 b5 23. Be2 Kg7 24. Rac1 Rac8 25. Bf3 Kf6 26. Bb7 Rb8 27. Rxc7
Bc8 28. Ree7 Rf8 29. Bd5 Kg5 30. Rxf7 Rxf7 31. Bxf7 Kxg4 32. Be6 Bxe6 33. fxe6
Kf5 34. e7 Ke6 35. d5+ Kxd5 36. Rd7+ 1-0

[Event "IV Open Inverno"]
[Site "Ceriano Laghetto ITA"]
[Date "2012.02.??"]
[Round "1"]
[White "Mingolla, Patrizio"]
[Black "Regorda, Vittorio"]
[Result "1-0"]
[WhiteElo "1664"]
[BlackElo "1832"]
[PlyCount "123"]
[EventDate "2012.02.14"]

1. Nf3 d5 2. d4 Nf6 3. Bf4 e6 4. e3 Bd6 5. Ne5 O-O 6. Bd3 c5 7. c3 c4 8. Be2
Qc7 9. Nd2 Nc6 10. Ndf3 b5 11. O-O Ne7 12. Nd2 Ne8 13. g3 f6 14. Nef3 e5 15.
dxe5 fxe5 16. Bg5 Ng6 17. e4 Bb7 18. exd5 Bxd5 19. Qc2 Qc6 20. a4 a6 21. axb5
axb5 22. h4 Nc7 23. h5 Nh8 24. Nh4 Bc5 25. Nf5 Rxa1 26. Rxa1 g6 27. Nh6+ Kg7
28. Ng4 gxh5 29. Bh6+ Kg8 30. Bxf8 hxg4 31. Bxc5 Qxc5 32. Qf5 Ng6 33. Qxg4 Ne6
34. Bf3 Nef8 35. Ra6 Bf7 36. Ne4 Qe7 37. Nf6+ Kh8 38. Nd5 Qb7 39. Nb4 Qe7 40.
Bd5 Be8 41. Qc8 Bd7 42. Qc7 Qg5 43. Qd6 Kg7 44. Ra7 Qc1+ 45. Kg2 Qd2 46. Rxd7+
Nxd7 47. Qxd7+ Kh6 48. Qxb5 Qg5 49. Qxc4 Nf4+ 50. Kf1 Qg4 51. Qc6+ Kg5 52.
gxf4+ exf4 53. Bf3 Qh3+ 54. Bg2 Qg4 55. Qd5+ Kh6 56. c4 f3 57. Bxf3 Qh3+ 58.
Bg2 Qb3 59. Qd2+ Kh5 60. Qe2+ Kh4 61. Qe4+ Kh5 62. Qf3+ 1-0

[Event "IV Open Inverno"]
[Site "Ceriano Laghetto ITA"]
[Date "2012.02.??"]
[Round "1"]
[White "Moroni, Luca jr"]
[Black "Monticelli, Francesco"]
[Result "1-0"]
[WhiteElo "2061"]
[BlackElo "1690"]
[PlyCount "89"]
[EventDate "2012.02.14"]

1. e4 c6 2. d4 d5 3. exd5 cxd5 4. Bd3 Nf6 5. Bf4 e6 6. Nf3 Bd6 7. Bxd6 Qxd6 8.
c3 b6 9. Ne5 Ba6 10. Qa4+ b5 11. Bxb5+ Bxb5 12. Qxb5+ Nbd7 13. Nxd7 Nxd7 14.
Qe2 O-O 15. Nd2 Rab8 16. Nf3 Rfe8 17. O-O e5 18. dxe5 Nxe5 19. Nxe5 Rxe5 20.
Qd2 Rbe8 21. Rfe1 h6 22. Rxe5 Qxe5 23. Rd1 g6 24. g3 Qh5 25. Re1 Rxe1+ 26. Qxe1
Qf5 27. a4 Qc2 28. Qe8+ Kg7 29. Qe5+ Kg8 30. Qb8+ Kg7 31. Qxa7 Qxb2 32. Qd4+
Kg8 33. Qxd5 Qxc3 34. a5 Qc8 35. Qb5 h5 36. a6 Qe6 37. Qb7 h4 38. a7 Qe1+ 39.
Kg2 h3+ 40. Kxh3 Qxf2 41. a8=Q+ Kg7 42. Qa1+ Kh6 43. Qh8+ Kg5 44. Qh4+ Kf5 45.
Qd5# 1-0

[Event "IV Open Inverno"]
[Site "Ceriano Laghetto ITA"]
[Date "2012.02.??"]
[Round "1"]
[White "Nastasi, Ivano"]
[Black "Rigo, Luigi"]
[Result "1-0"]
[WhiteElo "1713"]
[BlackElo "1353"]
[PlyCount "57"]
[EventDate "2012.02.14"]

1. d4 Nf6 2. c4 g6 3. Nc3 Bg7 4. e4 d6 5. Nf3 e5 6. dxe5 dxe5 7. Bg5 Qxd1+ 8.
Rxd1 Nc6 9. Nb5 O-O 10. Nxc7 Rb8 11. Bd3 Bg4 12. Bxf6 Bxf6 13. Nd5 Bd8 14. Be2
Bxf3 15. Bxf3 Nd4 16. O-O Nxf3+ 17. gxf3 f5 18. Rd3 f4 19. Rc1 b6 20. Rdc3 Rf7
21. b4 Be7 22. Rd1 Kg7 23. c5 bxc5 24. bxc5 Bd8 25. c6 Bc7 26. Rcd3 Rd8 27.
Nxc7 Rxd3 28. Rxd3 Rxc7 29. Rd7+ 1-0

[Event "IV Open Inverno"]
[Site "Ceriano Laghetto ITA"]
[Date "2012.02.??"]
[Round "1"]
[White "Sala, Pierluigi"]
[Black "Ronconi, Fausto"]
[Result "0-1"]
[WhiteElo "1454"]
[BlackElo "1726"]
[PlyCount "64"]
[EventDate "2012.02.14"]

1. d4 d5 2. Nf3 e6 3. e3 Nf6 4. Bd3 Nbd7 5. O-O c5 6. c4 dxc4 7. Bxc4 cxd4 8.
Nxd4 Nb6 9. Bb3 Bd7 10. Nc3 a6 11. Bd2 Be7 12. Re1 O-O 13. e4 Bc5 14. Bg5 e5
15. Nf3 Re8 16. Rc1 h6 17. Bxf6 Qxf6 18. Nd5 Nxd5 19. Bxd5 Qb6 20. Rc2 Bg4 21.
Qd3 Re7 22. Rec1 Rc8 23. Kf1 Bxf3 24. Qxf3 Rcc7 25. a3 Bd4 26. b4 Bb2 27. Rxc7
Rxc7 28. Rd1 Qb5+ 29. Kg1 Qa4 30. g3 Qxa3 31. Bxf7+ Kf8 32. Bg6+ Qxf3 0-1

[Event "IV Open Inverno"]
[Site "Ceriano Laghetto ITA"]
[Date "2012.02.??"]
[Round "1"]
[White "Santarelli, Sabatino"]
[Black "Pino, Nicola"]
[Result "1-0"]
[WhiteElo "1624"]
[BlackElo "1775"]
[PlyCount "55"]
[EventDate "2012.02.14"]

1. e4 c5 2. c3 e5 3. Nf3 Nc6 4. d3 d6 5. Be2 Nf6 6. O-O Be7 7. h3 O-O 8. Be3
Be6 9. Ng5 Qd7 10. f4 exf4 11. Bxf4 Rad8 12. Nd2 h6 13. Nxe6 fxe6 14. Qe1 e5
15. Be3 Rf7 16. Qg3 Kh8 17. Bg4 Qc7 18. Bf5 Bf8 19. Bg6 Rfd7 20. Rf2 Ne7 21.
Raf1 Nxg6 22. Qxg6 Nh7 23. Rf5 b5 24. a3 a6 25. R1f3 Be7 26. Nf1 Bg5 27. Bxg5
Nxg5 28. Rf8+ 1-0

[Event "IV Open Inverno"]
[Site "Ceriano Laghetto ITA"]
[Date "2012.02.??"]
[Round "1"]
[White "Viale, Fabio"]
[Black "Moioli, Ferruccio"]
[Result "1-0"]
[WhiteElo "1812"]
[BlackElo "1625"]
[PlyCount "80"]
[EventDate "2012.02.14"]

1. d4 g6 2. e4 d6 3. Nf3 Bg7 4. c4 Nc6 5. d5 Ne5 6. Nxe5 Bxe5 7. Be2 e6 8. O-O
c5 9. Nd2 exd5 10. cxd5 h5 11. Nf3 Bf6 12. Bb5+ Bd7 13. Qe2 Bxb5 14. Qxb5+ Qd7
15. Qxd7+ Kxd7 16. Bf4 Ne7 17. Rfe1 Rhg8 18. Rad1 Bg7 19. g3 f6 20. h4 a5 21.
a4 Nc8 22. Rd3 Nb6 23. Rb3 Ra6 24. Rb5 Kc7 25. Rxc5+ Kd7 26. Rb5 Rb8 27. Re3
Nxa4 28. Ra3 Nc5 29. Rbxa5 Rxa5 30. Rxa5 Nxe4 31. Nd4 g5 32. Bc1 g4 33. Nf5 Bh8
34. Bf4 Kc7 35. Ra4 Rd8 36. Rxe4 b5 37. Re7+ Kb6 38. b4 Ra8 39. Be3+ Ka6 40.
Nxd6 f5 1-0

[Event "IV Open Inverno"]
[Site "Ceriano Laghetto ITA"]
[Date "2012.02.??"]
[Round "2"]
[White "Frigerio, Roberto"]
[Black "Pino, Nicola"]
[Result "0-1"]
[WhiteElo "1596"]
[BlackElo "1775"]
[PlyCount "44"]
[EventDate "2012.02.14"]

1. e4 c5 2. Nf3 Nc6 3. Bc4 e6 4. d3 a6 5. a3 d5 6. exd5 exd5 7. Ba2 Nf6 8. O-O
Be7 9. Re1 O-O 10. Bg5 Be6 11. Nbd2 b5 12. d4 Qb6 13. Ne5 Rae8 14. Nxc6 Qxc6
15. dxc5 Bxc5 16. Bxf6 gxf6 17. Qf3 f5 18. b4 Bd4 19. c3 Qxc3 20. Rad1 Rc8 21.
Qf4 Bg7 22. Re3 Qxd2 0-1

[Event "IV Open Inverno"]
[Site "Ceriano Laghetto ITA"]
[Date "2012.02.??"]
[Round "2"]
[White "Mingolla, Patrizio"]
[Black "Megassini, Stefano"]
[Result "0-1"]
[WhiteElo "1664"]
[BlackElo "1763"]
[PlyCount "90"]
[EventDate "2012.02.14"]

1. Nf3 e6 2. d4 b6 3. e4 Bb7 4. Bd3 Ne7 5. Be3 g6 6. Qd2 Bg7 7. Nc3 d6 8. Bg5
Nd7 9. O-O c5 10. dxc5 Nxc5 11. Bb5+ Nd7 12. Nd4 O-O 13. Bh6 a6 14. Bxg7 Kxg7
15. Bd3 Rc8 16. f4 Nc5 17. Rad1 b5 18. b4 Nxd3 19. Qxd3 Qb6 20. Qe3 Rxc3 21.
Qxc3 e5 22. Kh1 exd4 23. Qxd4+ Qxd4 24. Rxd4 Nc6 25. Rxd6 Nxb4 26. e5 Nxc2 27.
e6 Bxg2+ 28. Kxg2 Ne3+ 29. Kg1 Nxf1 30. Kxf1 fxe6 31. Rxa6 Rxf4+ 32. Kg2 Ra4
33. Rxe6 Rxa2+ 34. Kg3 h5 35. Rb6 Rb2 36. Kf4 Kh6 37. h4 Rb4+ 38. Kg3 Rg4+ 39.
Kh3 b4 40. Rb7 Rc4 41. Rb6 Rc3+ 42. Kg2 b3 43. Kf2 Rc2+ 44. Ke1 b2 45. Kd1 Rc1+
0-1

[Event "IV Open Inverno"]
[Site "Ceriano Laghetto ITA"]
[Date "2012.02.??"]
[Round "2"]
[White "Monticelli, Francesco"]
[Black "Regorda, Vittorio"]
[Result "1/2-1/2"]
[WhiteElo "1690"]
[BlackElo "1832"]
[PlyCount "96"]
[EventDate "2012.02.14"]

1. e4 e6 2. d4 d5 3. exd5 exd5 4. Nf3 Nf6 5. Bg5 Bf5 6. Bd3 Bxd3 7. Qxd3 Nbd7
8. O-O Be7 9. Re1 O-O 10. Nc3 c6 11. Re2 Bd6 12. Rae1 Qc7 13. h3 h6 14. Bd2 b5
15. Ne5 Nb6 16. Bf4 a5 17. Qf3 b4 18. Nd1 Rae8 19. Bxh6 Bxe5 20. dxe5 Ne4 21.
Bf4 Re6 22. Ne3 Na4 23. Rb1 Qb7 24. Nf5 Qa6 25. Nd4 Rg6 26. h4 c5 27. h5 Rb6
28. Nf5 Re8 29. Nxg7 Kxg7 30. Qg4+ Kf8 31. h6 Rxh6 32. Bxh6+ Qxh6 33. f3 Ng5
34. f4 Ne4 35. Rd1 Nb6 36. a3 f5 37. Qxf5+ Ke7 38. Qg4 Rh8 39. Qh3 Qxh3 40.
gxh3 Rxh3 41. axb4 cxb4 42. Kg2 Rg3+ 43. Kh2 Rf3 44. Rg1 Rxf4 45. Rg7+ Rf7 46.
Rg6 Nc4 47. Ra6 Nxb2 48. Rxa5 Ke6 1/2-1/2

[Event "IV Open Inverno"]
[Site "Ceriano Laghetto ITA"]
[Date "2012.02.??"]
[Round "2"]
[White "Origgio, Stefano"]
[Black "Moroni, Luca jr"]
[Result "0-1"]
[WhiteElo "1716"]
[BlackElo "2061"]
[PlyCount "132"]
[EventDate "2012.02.14"]

1. d4 d5 2. c4 e6 3. Nc3 c6 4. Nf3 Nf6 5. Bg5 Nbd7 6. e3 Qa5 7. Nd2 dxc4 8.
Bxf6 Nxf6 9. Nxc4 Qc7 10. Rc1 Be7 11. Be2 O-O 12. O-O a6 13. a3 Rd8 14. b4 b6
15. Qb3 Bb7 16. Bf3 Rab8 17. Rfd1 c5 18. Bxb7 Qxb7 19. b5 cxd4 20. exd4 axb5
21. Qxb5 Nd5 22. g3 Bf6 23. Nxd5 Qxd5 24. Qxd5 Rxd5 25. Ne5 Ra8 26. f4 g6 27.
Rd3 Ra4 28. Rb1 b5 29. Rb4 Be7 30. Rxa4 bxa4 31. Kf2 Rb5 32. Nc4 Rb1 33. h4 h5
34. Ke2 f6 35. Re3 Kf7 36. Kd2 Rb7 37. Rd3 Rb5 38. Ke3 Rb1 39. Ke2 Rb7 40. Kd2
Ke8 41. Ke2 Kd7 42. Rc3 Rb1 43. Kd2 Rb5 44. Ke2 g5 45. fxg5 fxg5 46. hxg5 Bxg5
47. Rd3 Kc6 48. Kf3 Kd5 49. Ne3+ Bxe3 50. Kxe3 Kc4 51. Kd2 Rb2+ 52. Ke3 Kd5 53.
Rc3 Rg2 54. Rc5+ Kd6 55. Kf3 Rb2 56. Rxh5 Rb3+ 57. Ke4 Rxg3 58. Ra5 Rxa3 59.
Ra6+ Kd7 60. Ke5 Re3+ 61. Kf6 a3 62. Ra7+ Kc6 63. Rxa3 Rxa3 64. Kxe6 Rd3 65.
Ke5 Rd1 66. Ke4 Kd6 0-1

[Event "IV Open Inverno"]
[Site "Ceriano Laghetto ITA"]
[Date "2012.02.??"]
[Round "2"]
[White "Rigo, Luigi"]
[Black "Canciani, Alberto"]
[Result "1-0"]
[WhiteElo "1353"]
[BlackElo "1585"]
[PlyCount "53"]
[EventDate "2012.02.14"]

1. e4 e6 2. d4 c5 3. c3 Qc7 4. Be3 b6 5. Bb5 a6 6. Ba4 Bb7 7. Nd2 Nf6 8. Bc2 d6
9. f4 Nbd7 10. Ngf3 Ng4 11. Qe2 g6 12. Bg1 Bg7 13. h3 Ngf6 14. Bf2 O-O 15. g4
d5 16. e5 Ne8 17. h4 Qc6 18. Bd3 f6 19. h5 f5 20. Ng5 c4 21. Bc2 h6 22. Nh3
gxh5 23. g5 Nc7 24. Qxh5 Kh7 25. gxh6 Bh8 26. Ng5+ Kg8 27. Qg6+ 1-0

[Event "IV Open Inverno"]
[Site "Ceriano Laghetto ITA"]
[Date "2012.02.??"]
[Round "2"]
[White "Ronconi, Fausto"]
[Black "Viale, Fabio"]
[Result "1/2-1/2"]
[WhiteElo "1726"]
[BlackElo "1812"]
[PlyCount "174"]
[EventDate "2012.02.14"]

1. c4 e5 2. Nc3 d6 3. g3 g6 4. Bg2 Bg7 5. Nf3 f5 6. d3 Nf6 7. e4 O-O 8. exf5
Bxf5 9. Ng5 Nc6 10. Nd5 Nd4 11. Nxf6+ Bxf6 12. Bd5+ Kg7 13. h4 c6 14. Be4 d5
15. Bxf5 gxf5 16. Be3 h6 17. Bxd4 hxg5 18. hxg5 exd4 19. gxf6+ Qxf6 20. cxd5
Rh8 21. Kd2 cxd5 22. Qf3 Qg5+ 23. Qf4 Qxf4+ 24. gxf4 Rxh1 25. Rxh1 Rc8 26. Re1
Kf6 27. Re5 Rc5 28. b4 Rb5 29. a3 a5 30. Kc2 axb4 31. axb4 Rxb4 32. Rxd5 Ke6
33. Re5+ Kf6 34. Rc5 Ke6 35. Rc8 Rb6 36. Rh8 Rc6+ 37. Kd2 Ra6 38. Rd8 Ra2+ 39.
Ke1 Ra4 40. Rb8 Rb4 41. Re8+ Kf6 42. Rc8 Kg6 43. Ke2 Rb2+ 44. Ke1 b5 45. Rd8
Rb1+ 46. Kd2 Rb4 47. Rd5 Kf6 48. Rd6+ Ke7 49. Rd5 Ke6 50. Re5+ Kf6 51. Kc2 Kg6
52. Re6+ Kf7 53. Rc6 Ke7 54. Rb6 Kf7 55. Ra6 Ke7 56. Ra3 Kd6 57. Rb3 Kc5 58.
Kb2 Ra4 59. Ra3 Kb4 60. Rb3+ Ka5 61. Ra3 Rxa3 62. Kxa3 b4+ 63. Kb3 Kb5 64. f3
Ka5 65. Kc4 Ka4 66. Kxd4 Kb3 67. Ke5 Kc2 68. d4 b3 69. d5 b2 70. Kxf5 b1=Q 71.
d6 Kd2+ 72. Ke6 Qg6+ 73. Ke7 Qg7+ 74. Kd8 Qf6+ 75. Kc7 Qc3+ 76. Kd8 Qh8+ 77.
Kc7 Qc3+ 78. Kd8 Qf6+ 79. Kc7 Qc3+ 80. Kd8 Qh8+ 81. Kc7 Qg7+ 82. d7 Ke3 83. f5
Kf4 84. f6 Qf7 85. Kc8 Qxf6 86. d8=Q Qxd8+ 87. Kxd8 Kxf3 1/2-1/2

[Event "IV Open Inverno"]
[Site "Ceriano Laghetto ITA"]
[Date "2012.02.??"]
[Round "2"]
[White "Santarelli, Sabatino"]
[Black "Napoli, Ferdinando"]
[Result "0-1"]
[WhiteElo "1624"]
[BlackElo "1724"]
[PlyCount "86"]
[EventDate "2012.02.14"]

1. e4 c5 2. c3 d5 3. e5 e6 4. Nf3 Nc6 5. Bb5 Qb6 6. Qe2 Bd7 7. Bxc6 Bxc6 8. a4
d4 9. d3 Rd8 10. c4 Ne7 11. O-O Ng6 12. Na3 a6 13. Nc2 Be7 14. Nce1 O-O 15. Ng5
Qc7 16. Nef3 h6 17. Nh3 Bxf3 18. gxf3 Qxe5 19. Qe4 Bd6 20. f4 Qxe4 21. dxe4 f5
22. e5 Bc7 23. Ra3 Ne7 24. Bd2 Nc6 25. f3 Ba5 26. Rd1 Bxd2 27. Rxd2 g5 28. Rg2
d3 29. fxg5 d2 30. gxh6+ Kh8 31. Nf2 d1=Q+ 32. Nxd1 Rxd1+ 33. Kf2 Rd2+ 34. Kf1
Rxg2 35. Kxg2 Nxe5 36. Rc3 Rd8 37. Kg3 Rd3 38. Kf4 Rxc3 39. bxc3 Nf7 40. h4 Kh7
41. a5 Kxh6 42. Kg3 Kh5 43. f4 Nd6 0-1

[Event "IV Open Inverno"]
[Site "Ceriano Laghetto ITA"]
[Date "2012.02.??"]
[Round "3"]
[White "Canciani, Alberto"]
[Black "Sala, Pierluigi"]
[Result "1-0"]
[WhiteElo "1585"]
[BlackElo "1454"]
[PlyCount "65"]
[EventDate "2012.02.14"]

1. c4 c5 2. Nc3 Nf6 3. e4 Nc6 4. Nf3 d6 5. h3 e5 6. d3 Be7 7. g4 h6 8. Bg2 Nh7
9. Nd5 O-O 10. Nxe7+ Qxe7 11. O-O Be6 12. Nh2 g5 13. Be3 f6 14. Qd2 a5 15. Rfb1
Kg7 16. Nf1 Qe8 17. Ng3 Ne7 18. Nf5+ Bxf5 19. exf5 Nc6 20. Bd5 Qe7 21. Kg2 Nb4
22. Be6 Rfd8 23. a3 Nc6 24. Rh1 Nf8 25. Bd5 Nd4 26. Bxd4 exd4 27. h4 Ra7 28.
hxg5 fxg5 29. Rae1 Qd7 30. f4 Nh7 31. Re6 b6 32. Rexh6 Rh8 33. fxg5 1-0

[Event "IV Open Inverno"]
[Site "Ceriano Laghetto ITA"]
[Date "2012.02.??"]
[Round "3"]
[White "Moioli, Ferruccio"]
[Black "Mingolla, Patrizio"]
[Result "1/2-1/2"]
[WhiteElo "1625"]
[BlackElo "1664"]
[PlyCount "78"]
[EventDate "2012.02.14"]

1. d4 Nf6 2. Nf3 g6 3. e3 Bg7 4. Be2 O-O 5. O-O d5 6. Nbd2 Bf5 7. b3 Nc6 8. c4
Nb4 9. a3 Nd3 10. Bxd3 Bxd3 11. Re1 c6 12. Ne5 Bf5 13. Nf1 Ne4 14. Bb2 Rc8 15.
f3 Bxe5 16. fxe4 Bxh2+ 17. Nxh2 Bxe4 18. Ng4 e6 19. Nf2 f5 20. Nxe4 fxe4 21.
Qg4 Rf5 22. a4 Qb6 23. Qd1 Qc7 24. Qg4 Qb6 25. Ba3 Qc7 26. Rf1 Qd7 27. Rf4 Re8
28. Raf1 Kh8 29. Rxf5 exf5 30. Qg5 Qe6 31. Qh6 dxc4 32. bxc4 Qxc4 33. Bd6 Qf7
34. a5 Re6 35. Be5+ Kg8 36. Rb1 Qd7 37. Qf4 Re7 38. Bf6 Re8 39. Kf2 Qf7 1/2-1/2

[Event "IV Open Inverno"]
[Site "Ceriano Laghetto ITA"]
[Date "2012.02.??"]
[Round "3"]
[White "Moroni, Luca jr"]
[Black "Megassini, Stefano"]
[Result "1-0"]
[WhiteElo "2061"]
[BlackElo "1763"]
[PlyCount "45"]
[EventDate "2012.02.14"]

1. e4 g6 2. d4 d6 3. Nc3 Bg7 4. f4 e5 5. dxe5 dxe5 6. Qxd8+ Kxd8 7. Bc4 Be6 8.
Bxe6 fxe6 9. fxe5 c6 10. Bg5+ Kc7 11. Nf3 Nd7 12. O-O-O Bh6 13. Rd6 Nxe5 14.
Rhd1 Nxf3 15. Rd7+ Kb6 16. Bxh6 Nxh6 17. gxf3 Raf8 18. Na4+ Ka5 19. Rxb7 Rxf3
20. Rxa7+ Kb5 21. b3 Rhf8 22. a3 c5 23. Rd6 1-0

[Event "IV Open Inverno"]
[Site "Ceriano Laghetto ITA"]
[Date "2012.02.??"]
[Round "3"]
[White "Napoli, Ferdinando"]
[Black "Ronconi, Fausto"]
[Result "1-0"]
[WhiteElo "1724"]
[BlackElo "1726"]
[PlyCount "41"]
[EventDate "2012.02.14"]

1. b3 d5 2. Bb2 e6 3. e3 Nf6 4. Nf3 Be7 5. d4 O-O 6. Be2 b6 7. O-O Ba6 8. c4
dxc4 9. bxc4 c5 10. Ne5 Qc8 11. Bf3 Bb7 12. Nc3 cxd4 13. exd4 Bxf3 14. Qxf3
Nbd7 15. Nc6 Bd6 16. Nb5 Ne8 17. Nxd6 Qa6 18. Ne7+ Kh8 19. Nxf7+ Rxf7 20. Qxa8
Rxe7 21. Qd8 1-0

[Event "IV Open Inverno"]
[Site "Ceriano Laghetto ITA"]
[Date "2012.02.??"]
[Round "3"]
[White "Nastasi, Ivano"]
[Black "Santarelli, Sabatino"]
[Result "0-1"]
[WhiteElo "1713"]
[BlackElo "1624"]
[PlyCount "73"]
[EventDate "2012.02.14"]

1. d4 d5 2. c4 e6 3. Nc3 c6 4. e3 Nf6 5. Nf3 Nbd7 6. Bd3 Be7 7. O-O O-O 8. Bd2
a6 9. Rc1 Bd6 10. e4 dxe4 11. Nxe4 Nxe4 12. Bxe4 Nf6 13. Bb1 Qc7 14. Rc3 Bf4
15. Be1 b6 16. g3 Bd6 17. Bd2 Bb7 18. c5 bxc5 19. dxc5 Be7 20. Bf4 Qa5 21. b4
Qd8 22. Qc2 g6 23. Rd1 Nd5 24. Bh6 Re8 25. Rb3 Bf6 26. a3 Be7 27. h4 Rb8 28. h5
Bc8 29. Qc1 e5 30. Ba2 Bg4 31. Re1 Bxh5 32. Kg2 e4 33. Ng5 Bxg5 34. Bxg5 f6 35.
Be3 Rc8 36. Bf4 Kg7 37. Bd6 0-1

[Event "IV Open Inverno"]
[Site "Ceriano Laghetto ITA"]
[Date "2012.02.??"]
[Round "3"]
[White "Pino, Nicola"]
[Black "Monticelli, Francesco"]
[Result "1-0"]
[WhiteElo "1775"]
[BlackElo "1690"]
[PlyCount "135"]
[EventDate "2012.02.14"]

1. e4 c6 2. e5 d5 3. d4 c5 4. c3 e6 5. Bd3 cxd4 6. cxd4 Bd7 7. Nc3 Bb4 8. a3
Ba5 9. Nf3 Nc6 10. O-O Nge7 11. Rb1 a6 12. Be3 b5 13. b4 Bc7 14. Qc2 Ng6 15.
Ng5 Nce7 16. f4 Nf5 17. Bxf5 exf5 18. Nxd5 Rc8 19. Qb3 O-O 20. Rbc1 Bb8 21.
Rxc8 Qxc8 22. Nb6 Qb7 23. Nxd7 Qxd7 24. d5 Rc8 25. e6 fxe6 26. dxe6 Qe7 27. Bc5
Ba7 28. Rd1 Bxc5+ 29. bxc5 Rxc5 30. Rd8+ Nf8 31. Qd3 Rc1+ 32. Kf2 Qc5+ 33. Qd4
Rc2+ 34. Kg3 Rc3+ 35. Nf3 Qxd4 36. Rxd4 Nxe6 37. Rd6 Nc5 38. Kh4 Rxa3 39. Ne5
Kf8 40. Rc6 Ne4 41. Rc8+ Ke7 42. Rc7+ Kf6 43. Rf7+ Ke6 44. Rxg7 Nf6 45. Rc7 Kd5
46. g3 b4 47. Rf7 Ke6 48. Rb7 Ra2 49. Kh3 Rb2 50. Rb6+ Ke7 51. Rxa6 Ne4 52. Rb6
Nf2+ 53. Kh4 b3 54. Rb7+ Ke6 55. Rxh7 Ne4 56. Rh6+ Kd5 57. h3 Rg2 58. g4 fxg4
59. Nxg4 Rxg4+ 60. hxg4 Kc5 61. Rh8 Nd6 62. Kg3 b2 63. Rh1 Kc4 64. Rb1 Kc3 65.
f5 Ne4+ 66. Kh4 Kc2 67. Rxb2+ Kxb2 68. g5 1-0

[Event "IV Open Inverno"]
[Site "Ceriano Laghetto ITA"]
[Date "2012.02.??"]
[Round "3"]
[White "Regorda, Vittorio"]
[Black "Rigo, Luigi"]
[Result "1-0"]
[WhiteElo "1832"]
[BlackElo "1353"]
[PlyCount "63"]
[EventDate "2012.02.14"]

1. d4 Nf6 2. c4 g6 3. Nc3 Bg7 4. e4 O-O 5. f3 d6 6. Be3 e5 7. d5 Nbd7 8. Bd3 c6
9. Nge2 Ne8 10. g4 Qh4+ 11. Ng3 Bh6 12. Bf2 Qg5 13. h4 Qf4 14. g5 Bxg5 15. hxg5
Qxg5 16. Qd2 Qxd2+ 17. Kxd2 Nc5 18. Bc2 Ng7 19. b4 Nd7 20. Be3 f6 21. c5 dxc5
22. bxc5 Rd8 23. Bb3 Kh8 24. Rh6 Nf8 25. Rah1 Be6 26. Ke2 Bg8 27. d6 Nfe6 28.
Rxg6 Rf8 29. Nf5 Bf7 30. Rxf6 Nh5 31. Rh6 Rg8 32. Bxe6 1-0

[Event "IV Open Inverno"]
[Site "Ceriano Laghetto ITA"]
[Date "2012.02.??"]
[Round "3"]
[White "Viale, Fabio"]
[Black "Origgio, Stefano"]
[Result "1-0"]
[WhiteElo "1812"]
[BlackElo "1716"]
[PlyCount "61"]
[EventDate "2012.02.14"]

1. d4 Nf6 2. c4 e6 3. Nf3 b6 4. g3 Bb7 5. Bg2 d5 6. Ne5 Bd6 7. Nc3 c6 8. cxd5
Bxe5 9. dxe5 Nxd5 10. Ne4 O-O 11. Nd6 Ba6 12. O-O Nd7 13. f4 Qc7 14. Rf3 Rad8
15. Ra3 Bc8 16. e4 Ne7 17. Be3 f6 18. Qb3 Nc5 19. Bxc5 bxc5 20. Nxc8 Nxc8 21.
Qxe6+ Kh8 22. exf6 Rxf6 23. Qc4 Qb6 24. Rb3 Qa5 25. Qc3 Qa6 26. Bf1 Qa4 27. Qc4
Qa5 28. e5 Rh6 29. Rd3 Re8 30. Rad1 Rhe6 31. Qxe6 1-0

[Event "IV Open Inverno"]
[Site "Ceriano Laghetto ITA"]
[Date "2012.02.??"]
[Round "4"]
[White "Megassini, Stefano"]
[Black "Santarelli, Sabatino"]
[Result "1/2-1/2"]
[WhiteElo "1763"]
[BlackElo "1624"]
[PlyCount "98"]
[EventDate "2012.02.14"]

1. d4 d5 2. Nf3 e6 3. e3 c5 4. c3 Nc6 5. Bd3 Nf6 6. O-O Bd6 7. Nbd2 c4 8. Bc2
O-O 9. Re1 Re8 10. e4 dxe4 11. Nxe4 Nxe4 12. Rxe4 Qc7 13. Rh4 g6 14. Ng5 Be7
15. Qf3 Bxg5 16. Bxg5 f5 17. Re1 b5 18. d5 Ne5 19. Qg3 exd5 20. Bf4 Nf3+ 21.
gxf3 Rxe1+ 22. Kg2 Qe7 23. Be3 Bd7 24. Rd4 Rxe3 25. fxe3 Qxe3 26. Rxd5 Qe2+ 27.
Qf2 Qxf2+ 28. Kxf2 Bc6 29. Rc5 Rc8 30. a4 a6 31. b3 Bd7 32. Rxc8+ Bxc8 33. axb5
axb5 34. bxc4 bxc4 35. Ke3 Kf7 36. Kd4 Be6 37. Ba4 g5 38. Bb5 Kf6 39. Bxc4 Bc8
40. Bd5 h5 41. c4 g4 42. fxg4 hxg4 43. c5 Kg5 44. Ke3 Kh4 45. Bg2 g3 46. hxg3+
Kxg3 47. Bd5 f4+ 48. Ke2 Ba6+ 49. Ke1 f3 1/2-1/2

[Event "IV Open Inverno"]
[Site "Ceriano Laghetto ITA"]
[Date "2012.02.??"]
[Round "4"]
[White "Mingolla, Patrizio"]
[Black "Nastasi, Ivano"]
[Result "0-1"]
[WhiteElo "1664"]
[BlackElo "1713"]
[PlyCount "63"]
[EventDate "2012.02.14"]

1. Nf3 d5 2. d4 e6 3. Bf4 Nf6 4. e3 c5 5. Bb5+ Bd7 6. Be2 Nc6 7. c3 cxd4 8.
exd4 Ne7 9. Nbd2 Ng6 10. Bg5 Bd6 11. O-O O-O 12. Bd3 Nf4 13. Qc2 Nxd3 14. Qxd3
a6 15. Ne5 Bb5 16. c4 dxc4 17. Ndxc4 Bxe5 18. Bxf6 Bxf6 19. a4 Bxc4 20. Qxc4
Qxd4 21. Qc7 Rab8 22. b3 Qd8 23. Qc2 Bxa1 24. Rxa1 Rc8 25. Qe4 Qd5 26. Qb4 Rcd8
27. h4 Rd7 28. Rf1 Rc7 29. Qa3 Rc3 30. Rb1 Qc5 31. Qa2 Rc2 32. Rb2 0-1

[Event "IV Open Inverno"]
[Site "Ceriano Laghetto ITA"]
[Date "2012.02.??"]
[Round "4"]
[White "Napoli, Ferdinando"]
[Black "Moroni, Luca jr"]
[Result "0-1"]
[WhiteElo "1724"]
[BlackElo "2061"]
[PlyCount "138"]
[EventDate "2012.02.14"]

1. e4 c5 2. Nf3 d6 3. d4 cxd4 4. Nxd4 Nf6 5. Nc3 a6 6. Bg5 e6 7. f4 Be7 8. Qf3
Qc7 9. O-O-O Nbd7 10. Bd3 h6 11. Bh4 g5 12. fxg5 Ne5 13. Qe2 Nfg4 14. h3 hxg5
15. Bg3 Nxd3+ 16. Qxd3 Ne5 17. Bxe5 dxe5 18. Nde2 Bd7 19. Qf3 f6 20. Rd2 O-O-O
21. Rhd1 Kb8 22. Kb1 Bc8 23. Rxd8 Rxd8 24. Rxd8 Qxd8 25. Qe3 b5 26. g4 Bb7 27.
Qd3 Kc7 28. Kc1 Qxd3 29. cxd3 Bc5 30. Kd2 Kd7 31. a3 Ke7 32. b4 Bb6 33. Nc1 Bc8
34. Nb3 Bb7 35. Nc1 Bc8 36. Nb3 Bd7 37. Ke2 Kf7 38. Kf3 Kg6 39. Ne2 f5 40. Ng3
f4 41. Ne2 Kf6 42. Nc3 Ke7 43. Ne2 Kd6 44. Nc3 Be8 45. Nd1 Kc6 46. Nc3 Bd7 47.
Ne2 Kb7 48. Nc3 Kc6 49. Ne2 Bc8 50. Nc3 Bd7 51. Ne2 Be8 52. Nc3 Kb7 53. Ne2 Ka7
54. Nc3 a5 55. bxa5 Bd4 56. Nxd4 exd4 57. Nd1 Ka6 58. h4 gxh4 59. Kxf4 Kxa5 60.
Nb2 e5+ 61. Kf3 Bf7 62. g5 b4 63. axb4+ Kxb4 64. Nc4 Bxc4 65. dxc4 d3 66. g6 d2
67. Ke2 Kc3 68. Kd1 h3 69. g7 h2 0-1

[Event "IV Open Inverno"]
[Site "Ceriano Laghetto ITA"]
[Date "2012.02.??"]
[Round "4"]
[White "Pino, Nicola"]
[Black "Viale, Fabio"]
[Result "1-0"]
[WhiteElo "1775"]
[BlackElo "1812"]
[PlyCount "49"]
[EventDate "2012.02.14"]

1. e4 c5 2. f4 e6 3. Nf3 Nc6 4. d4 cxd4 5. Nxd4 Qb6 6. Nxc6 Qxc6 7. Bd3 Nf6 8.
Qf3 Bc5 9. Be3 O-O 10. O-O Ng4 11. Qxg4 Bxe3+ 12. Kh1 d6 13. e5 dxe5 14. fxe5
Qc7 15. Qe4 f5 16. Qxe3 Bd7 17. Nd2 Bc6 18. Nf3 f4 19. Qe1 g5 20. Nxg5 Qg7 21.
Bxh7+ Kh8 22. Qh4 f3 23. Be4+ Kg8 24. Bxf3 Bxf3 25. gxf3 1-0